|
|
|
|
| LEADER |
00000nam0a2200000 4500 |
| 001 |
178540 |
| 005 |
20231101223418.0 |
| 010 |
|
|
|a 9785939727082
|
| 035 |
|
|
|a (RuTPU)RU\TPU\book\193547
|
| 090 |
|
|
|a 178540
|
| 100 |
|
|
|a 20100407d2008 km y0rusy50 ca
|
| 101 |
0 |
|
|a rus
|
| 102 |
|
|
|a RU
|
| 105 |
|
|
|a y z 001zy
|
| 200 |
1 |
|
|a Избранные лекции по математической физике
|f Г. 'т Хоофт
|
| 210 |
|
|
|a Москва
|a Ижевск
|c Регулярная и хаотическая динамика
|c Институт компьютерных исследований
|d 2008
|
| 215 |
|
|
|a 228 с.
|
| 320 |
|
|
|a Библиогр. в конце глав.
|
| 330 |
|
|
|a В данный сборник вошли наиболее известные работы профессора Утрехтского университета, лауреата Нобелевской премии 1999 года по физике Г. 'т Хоофта. Рассматривается широкий спектр вопросов, касающихся теории относительности, которая традиционно применяется в таких областях, как шварцшильдовская метрика, смещение перигелия и отклонение света. Приводятся работы, посвященные квантовой теории поля и открытию стандартной модели элементарных частиц. Большое внимание уделено той области, которая может стать весьма актуальной в ближайшем будущем — гравитационному излучению.
|
| 606 |
1 |
|
|a Математическая физика
|2 stltpush
|3 (RuTPU)RU\TPU\subj\41221
|9 61028
|
| 610 |
1 |
|
|a калибровочные теории
|
| 610 |
1 |
|
|a монополии
|
| 610 |
1 |
|
|a инстантоны
|
| 610 |
1 |
|
|a конфайнмент
|
| 610 |
1 |
|
|a солитоны
|
| 610 |
1 |
|
|a асимптотическая свобода
|
| 610 |
1 |
|
|a квантовая теория поля
|
| 610 |
1 |
|
|a квантовая хромодинамика
|
| 610 |
1 |
|
|a теория относительности
|
| 610 |
1 |
|
|a специальные функции
|
| 610 |
1 |
|
|a полиномы
|
| 675 |
|
|
|a 53:51(075.8)
|v 3
|
| 700 |
|
1 |
|a 'т Хоофт
|b Г.
|g Герард
|
| 801 |
|
1 |
|a RU
|b 63413507
|c 20100407
|
| 801 |
|
2 |
|a RU
|b 63413507
|c 20100430
|g RCR
|
| 942 |
|
|
|c BK
|